| 000 | 01255nam a2200277 a 4500 | ||
|---|---|---|---|
| 999 |
_c488291 _d488291 |
||
| 003 | BLK | ||
| 005 | 20250717180613.0 | ||
| 008 | 180411b bul|||||r ||||||| ||bul|| | ||
| 020 | _a9786197278248 | ||
| 040 | _aBLK | ||
| 041 |
_aBUL _cBUL |
||
| 080 |
_aТурска литература _b821.512.161 _x-31 _z821.512.161-31 |
||
| 100 |
_aАли, Сабахатин _eпърви автор _91299 |
||
| 139 |
_aАли, Сабахатин _bА 54 |
||
| 245 | 1 | 0 |
_aМадоната с коженото палто _bРоман _cСабахатин Али ; прев. от тур. ез. Добромира Кирова |
| 250 | _a2. изд. | ||
| 257 | _aTUR | ||
| 260 |
_aБургас _bАвиана _c2019 _9219846 _f[София] : AV Design Group _n978-619-90226- |
||
| 300 |
_a160 с. _c20 см |
||
| 380 | _aX | ||
| 500 | _aОриг. загл.: Kürk mantolu madonna / Sabahattin Ali. - 1. изд. 1983 на изд. Нар. култура. - Биогр. данни за авт. отбелязани на гърба на кор. | ||
| 700 |
_aКирова, Добромира Стойкова _eпрев. от тур. _9456887 |
||
| 856 |
_i0.00 _ldisable |
||
| 942 |
_cKNG _n0 _s1 _012 |
||
| 944 |
_c2023-01-17 _k30530 _lМинев Младен |
||